000 00680nam a2200253Ia 4500
003 OSt
005 20220918210911.0
006 a|||||r|||| 00| 0
007 ta
008 220917b |||||||| |||| 00| 0 eng d
024 _a122,521
037 _cTextual
040 _aARTS
_cARTS
_beng
041 _2eng
_aeng
082 _aV95.N8<-C, M2
100 _aChopra Maharaj K
_9119534
245 0 _aIndian and the Indian Ocean
_b New Horizons
260 _aNew Delhi
_bSterling
_c1982
300 _ax, 234p.
_ccm.
500 _aBibliography p225-234
650 _aHISTORY
942 _hV95.N8<-C, M2
_cTEXL
_2CC
999 _c245713
_d245713